[Event "Joao Pessoa Fischer Memorial 9th"]
[Site "Joao Pessoa"]
[Date "2018.03.17"]
[Round "3"]
[White "Cardoso Florentino, Lucas Rafael"]
[Black "Silva, Marcelo Valeriano"]
[Result "1-0"]
[WhiteElo "1034"]
[BlackElo "1511"]
[PlyCount "64"]
[EventDate "2018.03.16"]
[EventType "swiss"]
[EventRounds "6"]
[EventCountry "BRA"]
[SourceTitle "CBM 183 Extra"]
[Source "ChessBase"]
[SourceDate "2018.04.19"]
[SourceVersion "1"]
[SourceVersionDate "2018.04.19"]
[SourceQuality "1"]

1. e4 e5 2. Nf3 Nc6 3. Bb5 f6 4. 0-0 Bc5 5. c3 Nge7 6. d4 Bb6 7. Bc4 Na5 8. Na3 d6 9. Re1 Bg4 10. h3 Bh5 11. Be2 d5 12. dxe5 Bxf3 13. Bxf3 dxe4 14. Bxe4 fxe5 15. Qh5+ g6 16. Qxe5 0-0 17. Bh6 Rf7 18. Rf1 Nec6 19. Qe6 Qe7 20. Bd5 Qxe6 21. Bxe6 Ne5 22. Bxf7+ Nxf7 23. Be3 Nc6 24. Nc4 Re8 25. Nxb6 axb6 26. Rad1 Nfe5 27. b3 Ne7 28. Bf4 Nf5 29. Bxe5 Rxe5 30. Rd8+ Kg7 31. Rd7+ Kh6 32. Rxc7 Re2 1-0

[Event "Joao Pessoa Fischer Memorial 9th"]
[Site "Joao Pessoa"]
[Date "2018.03.17"]
[Round "4"]
[White "Vital, Pablo Manoel Santan"]
[Black "Cardoso Florentino, Lucas Rafael"]
[Result "1-0"]
[WhiteElo "1588"]
[BlackElo "1034"]
[PlyCount "73"]
[EventDate "2018.03.16"]
[EventType "swiss"]
[EventRounds "6"]
[EventCountry "BRA"]
[SourceTitle "CBM 183 Extra"]
[Source "ChessBase"]
[SourceDate "2018.04.19"]
[SourceVersion "1"]
[SourceVersionDate "2018.04.19"]
[SourceQuality "1"]

1. e4 e6 2. d4 d5 3. e5 c5 4. c3 Nc6 5. Nf3 f6 6. Bb5 Bd7 7. 0-0 a6 8. Bxc6 Bxc6 9. Re1 Be7 10. exf6 Nxf6 11. Ng5 Bd7 12. Nxe6 Bxe6 13. Rxe6 0-0 14. Qe2 Re8 15. Bg5 Rc8 16. Nd2 cxd4 17. Re1 dxc3 18. bxc3 Ne4 19. Nxe4 dxe4 20. Qxe4 Bxg5 21. Rxe8+ Qxe8 22. Qxe8+ Rxe8 23. Rxe8+ Kf7 24. Rb8 b5 25. Ra8 Bd2 26. Rxa6 Bxc3 27. Kf1 b4 28. Ke2 Ke7 29. Kd3 Kd7 30. Kc4 Kc7 31. Ra4 Kd6 32. Rxb4 Bxb4 33. Kxb4 g5 34. Kc4 g4 35. Kd4 h5 36. Ke4 Ke6 37. a4 1-0

[Event "Joao Pessoa Fischer Memorial 9th"]
[Site "Joao Pessoa"]
[Date "2018.03.16"]
[Round "1"]
[White "Cardoso Florentino, Lucas Rafael"]
[Black "Macedo, Alexandre Soares"]
[Result "0-1"]
[WhiteElo "1034"]
[BlackElo "1902"]
[PlyCount "70"]
[EventDate "2018.03.16"]
[EventType "swiss"]
[EventRounds "6"]
[EventCountry "BRA"]
[SourceTitle "CBM 183 Extra"]
[Source "ChessBase"]
[SourceDate "2018.04.19"]
[SourceVersion "1"]
[SourceVersionDate "2018.04.19"]
[SourceQuality "1"]

1. d4 d5 2. c4 e6 3. Nc3 Nf6 4. e3 Be7 5. Nf3 Nbd7 6. Bd3 dxc4 7. Bxc4 b6 8. 0-0 Bb7 9. Re1 Ne4 10. Nxe4 Bxe4 11. a3 0-0 12. Ng5 Bxg5 13. Qg4 Bf5 14. Qf3 Bg6 15. Bd2 e5 16. Rad1 e4 17. Qe2 Nf6 18. Bb4 Re8 19. Bb5 Bh5 20. Qc2 Bxd1 21. Rxd1 Re6 22. d5 Re5 23. Bc6 Rc8 24. Qc3 Rf5 25. g3 a5 26. Bxa5 bxa5 27. Qxa5 Qd6 28. h4 Bh6 29. Qa6 Rd8 30. a4 Bxe3 31. Rf1 Bxf2+ 32. Rxf2 Qxg3+ 33. Rg2 Qe1+ 34. Kh2 Qxh4+ 35. Kg1 Qe1+ 0-1

[Event "Joao Pessoa Fischer Memorial 9th"]
[Site "Joao Pessoa"]
[Date "2018.03.16"]
[Round "2"]
[White "Silva, Caio Marques"]
[Black "Cardoso Florentino, Lucas Rafael"]
[Result "1-0"]
[WhiteElo "1658"]
[BlackElo "1034"]
[PlyCount "103"]
[EventDate "2018.03.16"]
[EventType "swiss"]
[EventRounds "6"]
[EventCountry "BRA"]
[SourceTitle "CBM 183 Extra"]
[Source "ChessBase"]
[SourceDate "2018.04.19"]
[SourceVersion "1"]
[SourceVersionDate "2018.04.19"]
[SourceQuality "1"]

1. c4 e5 2. Nc3 Nf6 3. g3 d5 4. cxd5 Nxd5 5. Bg2 Be6 6. d3 Bb4 7. Bd2 Nc6 8. Nf3 0-0 9. 0-0 h6 10. Nxd5 Bxd2 11. Nxc7 Qxc7 12. Nxd2 Rac8 13. a3 Rfe8 14. Rc1 Qb6 15. b4 a5 16. Nc4 Bxc4 17. Rxc4 axb4 18. Bxc6 Rxc6 19. Rxb4 Qc7 20. Qb1 Rb8 21. Rb5 Ra6 22. Rc1 Qe7 23. Qb4 Qxb4 24. axb4 f6 25. Rc7 b6 26. Rd5 Kh8 27. Rdd7 Rg8 28. Rb7 Kh7 29. Rd6 Rc8 30. Rdxb6 Rxb6 31. Rxb6 Rc2 32. Kf1 Kg8 33. Rb8+ Kf7 34. b5 Ke6 35. b6 Kd7 36. b7 Rb2 37. Rg8 Rxb7 38. Rxg7+ Kc6 39. Rxb7 Kxb7 40. Kg2 Kc6 41. g4 Kd6 42. Kf3 Kd5 43. h4 Kd4 44. Kg2 e4 45. dxe4 Kxe4 46. Kg3 Ke5 47. Kf3 f5 48. gxf5 Kxf5 49. Kg3 h5 50. Kf3 Ke5 51. e4 Kd4 52. Kf4 1-0